| 000 | 00445nam a22001337a 4500 | ||
|---|---|---|---|
| 008 | 230629b xxu||||| |||| 00| 0 eng d | ||
| 082 |
_a346.06 _bEAC |
||
| 100 | _cEast African Community | ||
| 245 |
_aSecretariat of the Commission for East African Co-operation _b9th Meeting of the Permanent Tripartite Commission _cReport of the Commission |
||
| 260 |
_aArusha, Tanzania _bEAC _c1998 |
||
| 300 | _avarious panging | ||
| 440 | _v1 | ||
| 942 |
_2ddc _cBK |
||
| 999 |
_c3077 _d3077 |
||